Loading...
| Current Events | 4 | 22.50 | 100% | 75% | 50% |
| Fine Arts - Auditory | 2 | 10.00 | 50% | 50% | 0% |
| Fine Arts - Other | 4 | 15.00 | 100% | 50% | 0% |
| Fine Arts - Visual | 7 | 17.14 | 86% | 71% | 14% |
| Geography | 6 | 16.67 | 83% | 67% | 17% |
| History - American | 3 | 10.00 | 67% | 33% | 0% |
| History - Ancient/Other | 2 | 20.00 | 100% | 100% | 0% |
| History - European | 6 | 16.67 | 100% | 33% | 33% |
| History - World | 5 | 12.00 | 100% | 20% | 0% |
| Literature - American | 7 | 7.14 | 71% | 0% | 0% |
| Literature - British | 6 | 11.67 | 83% | 17% | 17% |
| Literature - European | 3 | 10.00 | 67% | 0% | 33% |
| Literature - World | 5 | 22.00 | 120% | 100% | 0% |
| Mythology | 2 | 5.00 | 50% | 0% | 0% |
| Other Academic | 3 | 16.67 | 100% | 67% | 0% |
| Philosophy | 5 | 14.00 | 100% | 40% | 0% |
| Religion | 4 | 7.50 | 50% | 25% | 0% |
| Science - Biology | 4 | 10.00 | 75% | 25% | 0% |
| Science - Chemistry | 6 | 15.00 | 100% | 50% | 0% |
| Science - Other | 6 | 16.67 | 100% | 50% | 17% |
| Science - Physics | 4 | 7.50 | 75% | 0% | 0% |
| Social Science | 5 | 12.00 | 80% | 40% | 0% |